Lindley & Banks on Partnership : (Record no. 5252)

MARC details
000 -LEADER
fixed length control field 01036nam a22002057a 4500
008 - FIXED-LENGTH DATA ELEMENTS--GENERAL INFORMATION
fixed length control field 130213t xxu||||| |||| 00| 0 eng d
020 ## - INTERNATIONAL STANDARD BOOK NUMBER
International Standard Book Number 9-7804-1404-7884
082 ## - DEWEY DECIMAL CLASSIFICATION NUMBER
Edition number 22 ed.
Classification number 346.0682
Item number BAN
100 ## - MAIN ENTRY--PERSONAL NAME
Personal name Banks, Roderick I'Anson
9 (RLIN) 6893
245 ## - TITLE STATEMENT
Title Lindley & Banks on Partnership :
Remainder of title first supplement to 19 ed.
Statement of responsibility, etc Roderick I'Anson Banks
260 ## - PUBLICATION, DISTRIBUTION, ETC. (IMPRINT)
Place of publication, distribution, etc London :
Name of publisher, distributor, etc Thomson Reuters(Legal) Ltd.
Date of publication, distribution, etc 2011
300 ## - PHYSICAL DESCRIPTION
Extent xxii, 126 P. ;
Dimensions 24 cm.
500 ## - GENERAL NOTE
General note Includes Index
650 ## - SUBJECT ADDED ENTRY--TOPICAL TERM
Topical term or geographic name as entry element Partnership
9 (RLIN) 6894
650 ## - SUBJECT ADDED ENTRY--TOPICAL TERM
Topical term or geographic name as entry element Lindley & Banks on Partnership
9 (RLIN) 6895
942 ## - ADDED ENTRY ELEMENTS (KOHA)
Source of classification or shelving scheme Dewey Decimal Classification
Item type Books
Holdings
Withdrawn status Lost status Source of classification or shelving scheme Damaged status Not for loan Home library Current library Shelving location Date acquired Total Checkouts Full call number Barcode Date last seen Price effective from Koha item type Public note
    Dewey Decimal Classification     Law Development Centre Main Library Law Development Centre Main Library Text Books and Laws 02/13/2013   346.0682 BAN 4247/2013 02/13/2013 02/13/2013 Books Reserve
    Dewey Decimal Classification     Law Development Centre Main Library Law Development Centre Main Library Text Books and Laws 02/13/2013   346.0682 BAN 4248/2013 02/13/2013 02/13/2013 Books Reserve
    Dewey Decimal Classification     Law Development Centre Main Library Law Development Centre Main Library Text Books and Laws 02/13/2013   346.0682 BAN 4249/2013 02/13/2013 02/13/2013 Books Reserve